Egy előadás kapcsán

Elmentve itt :
Bibliográfiai részletek
Szerző: Torda Molnár Ákos
Dokumentumtípus: Cikk
Megjelent: Belvedere Meridionale Szeged 1990
Sorozat:Belvedere Meridionale 2 No. 1
Kulcsszavak:Történettudomány
Tárgyszavak:
Online Access:http://acta.bibl.u-szeged.hu/4225
LEADER 00689nab a2200193 i 4500
001 acta4225
005 20250829115147.0
008 161015s1990 hu o 000 hun d
040 |a SZTE Egyetemi Kiadványok Repozitórium  |b hun 
041 |a hun 
100 2 |a Torda Molnár Ákos 
245 1 0 |a Egy előadás kapcsán  |h [elektronikus dokumentum] /  |c  Torda Molnár Ákos 
260 |a Belvedere Meridionale  |b Szeged  |c 1990 
300 |a 16-17 
490 0 |a Belvedere Meridionale  |v 2 No. 1 
650 4 |a Bölcsészettudományok 
650 4 |a Történettudomány és régészet 
695 |a Történettudomány 
856 4 0 |u http://acta.bibl.u-szeged.hu/4225/1/belvedere_1990_001_016-017.pdf  |z Dokumentum-elérés